000 00848nmc a2200301 a 4500
003 AR-BaBNM
005 20251128205057.0
008 216019s1969 ||||||||||||||000 | spa||
040 _cAR-BaBNM
100 1 _aPelliza, Mariano A.
_d1837-1902
245 1 0 _aLa cuestión del Estrecho de Magallanes
_bcuadros históricos
260 _aBuenos Aires
_bEudeba
_c1969
300 0 _a307 p.
490 0 _aAmérica. Temas
650 4 _aRELACIONES BILATERALES
650 4 _aGEOGRAFIA POLITICA
650 4 _aHISTORIA FUEGUINA
650 4 _aHISTORIA DE LAS RELACIONES EXTERIORES
650 4 _aPOLITICA EXTERIOR
650 4 _aHISTORIA ARGENTINA
651 4 _aEstrecho de Magallanes
651 4 _aArgentina
651 4 _aChile
653 0 _aCONFLICTOS LIMITROFES
700 1 _aFerrari, Gustavo
_eprologuista
942 _cBK
998 _cEnrique
999 _c9892
_d9892